Practice management (Record no. 111898)

MARC details
000 -LEADER
fixed length control field 00886cad a22001935a 4500
001 - CONTROL NUMBER
control field L152154
008 - FIXED-LENGTH DATA ELEMENTS--GENERAL INFORMATION
fixed length control field 110203s2011 xxk f 000 0 eng d
035 ## - SYSTEM CONTROL NUMBER
System control number (Sirsi) u152154
041 0# - LANGUAGE CODE
Language code of text/sound track or separate title eng
110 2# - MAIN ENTRY--CORPORATE NAME
Corporate name or jurisdiction name as entry element National Buildings Specification
9 (RLIN) 5911
245 00 - TITLE STATEMENT
Title Practice management
Remainder of title the technology survey
Medium [electronic resource]
260 ## - PUBLICATION, DISTRIBUTION, ETC.
Place of publication, distribution, etc. London
Name of publisher, distributor, etc. RIBA
Date of publication, distribution, etc. 2011
520 ## - SUMMARY, ETC.
Summary, etc. Results of a survey to find out how much the construction industry in the UK is embracing new technology; attitudes to new technology adoption, technological devices used for work purposes, use of software applications, investing in new technology.
590 ## - LOCAL NOTE (RLIN)
Local note KA NTK
651 #4 - SUBJECT ADDED ENTRY--GEOGRAPHIC NAME
Geographic name United Kingdom
Chronological subdivision
690 ## - LOCAL SUBJECT ADDED ENTRY--TOPICAL TERM (OCLC, RLIN)
Topical term or geographic name as entry element Construction management
9 (RLIN) 6230
856 40 - ELECTRONIC LOCATION AND ACCESS
Uniform Resource Identifier <a href="https://www.thenbs.com/topics/PracticeManagement/articles/theTechnologySurvey.asp">https://www.thenbs.com/topics/PracticeManagement/articles/theTechnologySurvey.asp</a>
Public note View this item free of charge at www.thenbs.com
942 ## - ADDED ENTRY ELEMENTS (KOHA)
Suppress in OPAC 0
Holdings
Withdrawn status Lost status Source of classification or shelving scheme Damaged status Not for loan Home library Current library Shelving location Date acquired Total Checkouts Full call number Barcode Date last seen Copy number Price effective from Koha item type
    Dewey Decimal Classification     Virtual Virtual Online 03/02/2011   ONLINE PUBLICATION 152154-1001 06/08/2019 1 06/08/2019 Book